Timetable and Interactive Faculty Plan - Graphical User Interface
Saved in:
| Main Author: | |
|---|---|
| Other Authors: | |
| Format: | Manuscript Book |
| Language: | Slovak English |
| Subjects: | |
| Online Access: | http://is.stuba.sk/zp/portal_zp.pl?podrobnosti=102267 |
| Tags: |
No Tags, Be the first to tag this record!
|
MARC
| LEADER | 00000ntm a22000003a 4500 | ||
|---|---|---|---|
| 001 | stuzp46917 | ||
| 003 | SK-STU | ||
| 005 | 20150617230330.8 | ||
| 007 | ta | ||
| 008 | 150427s2015----xo-----f-mn---000-0-slo-d | ||
| 040 | |a STU |b slo | ||
| 041 | 0 | |a eng | |
| 100 | 1 | |a Halás, Rudolf, |d 1990- |u 047000 |4 aut |U FCHPT Fakulta chemickej a potravinárskej technológie |T FCHPT Ústav informatizácie, automatizácie a matematiky |X 68770 |U C7000 |Y 105 |7 A0000068770 | |
| 242 | 0 | 1 | |a Rozvrh a interaktívny plán fakulty - Grafické používateľské rozhranie |y slo |
| 245 | 1 | 0 | |a Timetable and Interactive Faculty Plan - Graphical User Interface |
| 650 | 4 | |a orientačný plán |2 slo | |
| 650 | 4 | |a rozvrh |2 slo | |
| 650 | 4 | |a grafické používateľské rozhranie |2 slo | |
| 650 | 4 | |a floor plan |2 eng | |
| 650 | 4 | |a timetable |2 eng | |
| 650 | 4 | |a graphical user interface |2 eng | |
| 700 | 1 | |a Fikar, Miroslav, |d 1966- |4 ths |X 3374 |7 A000003374 | |
| 856 | 4 | |u http://is.stuba.sk/zp/portal_zp.pl?podrobnosti=102267 | |
| SQL | |a stuzp46917 |b DBP |c ENG |d Timetable and Interactive Faculty Plan - Graphical User Interface |e 68770 |f Halás, Rudolf |g 047000 |h 3374 |i Fikar, Miroslav |j 20140714 |k 104 |l 04 |m http://is.stuba.sk/zp/portal_zp.pl?podrobnosti=102267 | ||